Normal view
MARC view
- Kumbhar Dhavalshree
Entry Personal Name
001 - CONTROL NUMBER
- control field: 182367
003 - CONTROL NUMBER IDENTIFIER
- control field: OSt
005 - DATE AND TIME OF LATEST TRANSACTION
- control field: 20230605084935.0
008 - FIXED-LENGTH DATA ELEMENTS
- fixed length control field: 230605|| aca||aabn | a|a d
040 ## - CATALOGING SOURCE
- Original cataloging agency: OSt
- Transcribing agency: OSt
100 ## - HEADING--PERSONAL NAME
- Personal name: Kumbhar Dhavalshree
670 ## - SOURCE DATA FOUND
- Source citation: Work cat.: (OSt)160429: Kumbhar Dhavalshree, Landscape development For Heritage Precinct Of Bassein Fort Vasai, 2012